Lobmeyr Vienna : 200 years with Bohemian glass /

Hlavní autor: Mergl, Jan, 1954-
Korporativní autor: Uměleckoprůmyslové museum (Praha, Česko)
Další autoři: Urbánek, Gabriel, 1948-, Prentis, Adam, 1987-
Jazyk: Angličtina
Vydáno: [Prague] : u(p)m, [2025]
Témata:
Fyzický popis: 325 stran : ilustrace (převážně barevné), portréty, faksimile ; 27 cm
Knihy
Uloženo v:
LEADER 03369nam a2200865 i 4500
001 nkc20263750682
003 CZ PrNK
005 20260513080603.0
007 ta
008 260410t20252025xr ach e 001 0deng
015 |a cnb003750682 
020 |a 978-80-7101-251-1  |q (brožováno) 
040 |a OLA001  |b cze  |d ABA001  |e rda 
041 1 |a eng  |h cze 
043 |a e-au---  |a e-xr--- 
045 |a w2y2 
072 7 |a 74  |x Kresba. Umělecká řemesla  |2 Konspekt  |9 21 
080 |a 339.166:666.1/.2  |2 MRF 
080 |a 666.1/.2:334.716  |2 MRF 
080 |a 666.1/.2  |2 MRF 
080 |a 666.1/.2(437.3)  |2 MRF 
080 |a 748(437.3)  |2 MRF 
080 |a 748  |2 MRF 
080 |a 745/749.05  |2 MRF 
080 |a (436.1)  |2 MRF 
080 |a (437.3)  |2 MRF 
080 |a (048.8)  |2 MRF 
080 |a (084.11)  |2 MRF 
080 |a (082.2)  |2 MRF 
100 1 |a Mergl, Jan,  |d 1954-  |7 jn19990010097  |4 aut 
240 1 0 |a Lobmeyr Vídeň.  |l Anglicky  |7 aun20261296112 
245 1 0 |a Lobmeyr Vienna :  |b 200 years with Bohemian glass /  |c Jan Mergl ; photography: Gabriel Urbánek ; English translation: Adam Prentis 
246 3 0 |a Lobmeyr 
264 1 |a [Prague] :  |b u(p)m,  |c [2025] 
264 4 |c ©2025 
300 |a 325 stran :  |b ilustrace (převážně barevné), portréty, faksimile ;  |c 27 cm 
336 |a text  |b txt  |2 rdacontent 
336 |a statický obraz  |b sti  |2 rdacontent 
337 |a bez média  |b n  |2 rdamedia 
338 |a svazek  |b nc  |2 rdacarrier 
500 |a Přeloženo z češtiny 
500 |a Chronologické přehledy 
504 |a Obsahuje bibliografii, bibliografické odkazy a rejstřík 
610 2 7 |a J. & L. Lobmeyr  |7 xx0131290  |2 czenas 
648 4 |a 1823-2023 
648 7 |a 19.-21. století  |7 ch757016  |2 czenas 
650 0 7 |a obchod se sklem  |7 ph554931  |z Rakousko  |y 19.-21. století  |2 czenas 
650 0 7 |a sklárny  |7 ph125592  |z Česko  |y 19.-21. století  |2 czenas 
650 0 7 |a sklářství  |7 ph125595  |z Česko  |y 19.-21. století  |2 czenas 
650 0 7 |a české sklo  |7 ph128151  |y 19.-21. století  |2 czenas 
650 0 7 |a umělecké sklo  |7 ph126905  |z Česko  |y 19.-21. století  |2 czenas 
650 0 7 |a užité umění  |7 ph116551  |z Česko  |y 19.-21. století  |2 czenas 
650 0 9 |a glass trade  |z Austria  |y 19th-21st centuries  |2 eczenas 
650 0 9 |a glassworks  |z Czechia  |y 19th-21st centuries  |2 eczenas 
650 0 9 |a glass manufacture  |z Czechia  |y 19th-21st centuries  |2 eczenas 
650 0 9 |a Czech glass  |y 19th-21st centuries  |2 eczenas 
650 0 9 |a art glass  |z Czechia  |y 19th-21st centuries  |2 eczenas 
650 0 9 |a applied arts  |z Czechia  |y 19th-21st centuries  |2 eczenas 
651 7 |a Vídeň (Rakousko)  |7 ge131380  |2 czenas 
651 9 |a Vienna (Austria)  |2 eczenas 
655 7 |a monografie  |7 fd132842  |2 czenas 
655 7 |a obrazové publikace  |7 fd132947  |2 czenas 
655 7 |a jubilejní publikace  |7 fd131839  |2 czenas 
655 9 |a monographs  |2 eczenas 
655 9 |a pictorial works  |2 eczenas 
655 9 |a jubilee books  |2 eczenas 
700 1 |a Urbánek, Gabriel,  |d 1948-  |7 jo20000082707  |4 pht 
700 1 |a Prentis, Adam,  |d 1987-  |7 pna2018997679  |4 trl 
710 2 |a Uměleckoprůmyslové museum (Praha, Česko)  |7 kn20010709113  |4 pbl 
910 2 |a BOA001  |b 3-1558.979 
928 9 |a Uměleckoprůmyslové museum v Praze 
990 |a BK 
995 |a 01 
991 |b 202604  |c NOV 
996 6 |b 2611030388  |c 3-1558.979  |l MZK  |r Sklad / do 1 hodiny  |n 0  |p p.v.  |w 002041222  |u 000010  |a 1  |e BOA001  |j MZK50  |s P